Social psychology in the 80s / (Record no. 1353)

000 -LEADER
fixed length control field nam a22 a 4500
005 - DATE AND TIME OF LATEST TRANSACTION
control field 20170509113744.0
008 - FIXED-LENGTH DATA ELEMENTS--GENERAL INFORMATION
fixed length control field 170509b1984 xxu||||| |||| 00| 0 eng d
020 ## - INTERNATIONAL STANDARD BOOK NUMBER
International Standard Book Number 0534029264
040 ## - CATALOGING SOURCE
Original cataloging agency AKMAL
082 ## - DEWEY DECIMAL CLASSIFICATION NUMBER
Edition number 19
Classification number 302 DEA
090 ## - LOCALLY ASSIGNED LC-TYPE CALL NUMBER (OCLC); LOCAL CALL NUMBER (RLIN)
Classification number (OCLC) (R) ; Classification number, CALL (RLIN) (NR) 302
Local cutter number (OCLC) ; Book number/undivided call number, CALL (RLIN) DEA
100 10 - MAIN ENTRY--PERSONAL NAME
Personal name Deaux, Kay.
9 (RLIN) 2654
245 00 - TITLE STATEMENT
Title Social psychology in the 80s /
Statement of responsibility, etc. Kay Deaux, Lawrence S. Wrightsman, in collaboration with Carol K. Sigelman and Eric Sundstrom.
250 ## - EDITION STATEMENT
Edition statement 4th ed.
260 ## - PUBLICATION, DISTRIBUTION, ETC.
Place of publication, distribution, etc. Monterey, Calif.
Name of publisher, distributor, etc. Brooks/Cole Pub. Co.
Date of publication, distribution, etc. c1984.
300 ## - PHYSICAL DESCRIPTION
Dimensions cm
599 ## - LOCAL NOTE
Local Note DALAM PROSES
650 ## - SUBJECT ADDED ENTRY--TOPICAL TERM
Topical term or geographic name entry element Social psychology.
9 (RLIN) 1237
700 ## - ADDED ENTRY--PERSONAL NAME
Personal name Wrightsman, Lawrence Samuel.
9 (RLIN) 2655
942 ## - ADDED ENTRY ELEMENTS (KOHA)
Source of classification or shelving scheme
Koha item type Book
Holdings
Withdrawn status Lost status Source of classification or shelving scheme Damaged status Not for loan Collection code Home library Current library Shelving location Date acquired Inventory number Total Checkouts Full call number Barcode Date last seen Price effective from Koha item type
          NON-FICTION AKMAL Melaka AKMAL Melaka PINJAMAN 09.05.2017 300310   302 DEA 201702683 09.05.2017 09.05.2017 Book
Pusat Sumber Maklumat Dato' Haji Sarmin Md Hussin, Akademi Kastam Diraja Malaysia, Melaka
Tel: 06-2331106 | Faks: 06-2313787